Les os du membre supérieur - Statistiques

Statistiques générales
  • Ce quiz a été pris 274 fois
  • Le résultat moyen est 9 sur 15
Statistiques - réponses
Réponse % Correct
Radius
93%
Ulna
93%
Humérus
92%
Clavicule
85%
Scapula
81%
Phalanges
68%
Trapèze
52%
Trapèzoïde
51%
Lunatum
49%
Scaphoïde
47%
Capitatum
46%
Hamatum
46%
Pisiforme
44%
Triquetrum
44%
Métacarpiens
40%
Aucun quiz correspondant
Distribution des résultats
% des personnes avec chaque résultat
Percentile par nombre de réponses
Votre historique - résultats
Vous n’avez pas pris ce quiz